| 000 | 00851cam a22002893a 4500 | ||
|---|---|---|---|
| 001 | 1099 | ||
| 003 | PGUSA | ||
| 005 | 20140828082956.0 | ||
| 008 | 971101s1997||||xxu|||||s|||||000 1 eng d | ||
| 040 |
_aPGUSA _beng |
||
| 042 | _adc | ||
| 050 | 4 | _aPS | |
| 100 | 1 |
_aWhite, Stewart Edward, _d1873-1946 |
|
| 245 | 1 | 4 |
_aThe Riverman _h[electronic resource] / _cStewart Edward White |
| 260 |
_bProject Gutenberg, _c1997 |
||
| 506 | _aPublic domain in the USA. | ||
| 516 | _aElectronic text | ||
| 653 | _aLoggers -- Fiction | ||
| 653 | _aLabor movement -- Fiction | ||
| 653 | _aRivers -- Fiction | ||
| 653 | _aAdventure and adventurers -- Fiction | ||
| 653 | _aConduct of life -- Fiction | ||
| 653 | _aYouth -- Conduct of life -- Fiction | ||
| 830 | 0 |
_aProject Gutenberg _v1099 |
|
| 856 | 4 | 0 | _uhttp://www.gutenberg.org/ebooks/1099 |
| 942 | _cEB | ||
| 999 |
_c230447 _d230447 |
||